[Event "ISR-chT"]
[Site "Israel"]
[Date "2024.01.12"]
[Round "2.2"]
[White "Roiz, Michael"]
[Black "Aizenberg, Benny"]
[Result "1/2-1/2"]
[WhiteElo "2570"]
[BlackElo "2412"]
[PlyCount "116"]
[EventDate "2024.01.10"]
[EventType "team-tourn"]
[EventRounds "11"]
[EventCountry "ISR"]
[SourceTitle "CB09_2024"]
[SourceDate "2024.02.28"]
[SourceVersion "1"]
[SourceVersionDate "2024.02.28"]
[SourceQuality "1"]
[WhiteTeam "Beer Sheva"]
[BlackTeam "Petach Tikva"]
[WhiteTeamCountry "ISR"]
[BlackTeamCountry "ISR"]

1. e4 c5 2. Nf3 d6 3. Bb5+ Nd7 4. 0-0 a6 5. Be2 Ngf6 6. d3 g6 7. c4 Bg7 8. Nc3 Ne5 9. Nxe5 dxe5 10. Be3 Qd6 11. a3 0-0 12. Rb1 Nd7 13. b4 b6 14. Qc2 Rd8 15. Na4 e6 16. Rb2 Bf8 17. bxc5 bxc5 18. Qc3 Qc7 19. Rfb1 Ra7 20. Bd2 a5 21. Qc1 Bb7 22. Nc3 Bc6 23. Qe1 a4 24. Nb5 Bxb5 25. Rxb5 Rb8 26. Bd1 Rxb5 27. Rxb5 Nb8 28. Ra5 Rxa5 29. Bxa5 Qb7 30. Bc3 Qa7 31. Bc2 Nc6 32. Qd1 Nd4 33. Bxa4 Bh6 34. Bb2 Qb6 35. Bb5 Qa5 36. Kf1 f5 37. exf5 exf5 38. Qe1 Qc7 39. h3 e4 40. dxe4 Qh2 41. Bxd4 cxd4 42. Qd1 Qh1+ 43. Ke2 Qxg2 44. Qxd4 fxe4 45. c5 Qf3+ 46. Ke1 Bg7 47. Bc4+ Kh8 48. Qd8+ Bf8 49. Qd4+ Bg7 50. Qd8+ Bf8 51. c6 Qxa3 52. Qd4+ Bg7 53. Qd8+ Bf8 54. Qd5 Qc3+ 55. Kd1 Qf3+ 56. Be2 Qc3 57. Bc4 Qf3+ 58. Kc1 Qc3+ 1/2-1/2

[Event "ISR-chT"]
[Site "Israel"]
[Date "2023.05.05"]
[Round "9.2"]
[White "Roiz, Michael"]
[Black "Manor, Ilan"]
[Result "1-0"]
[WhiteElo "2577"]
[BlackElo "2464"]
[PlyCount "49"]
[EventDate "2023.01.11"]
[EventType "team-tourn"]
[EventRounds "11"]
[EventCountry "ISR"]
[SourceTitle "EXT 2024"]
[Source "ChessBase"]
[SourceDate "2023.10.10"]
[SourceVersion "1"]
[SourceVersionDate "2023.10.10"]
[SourceQuality "1"]
[WhiteTeam "Beer Sheva"]
[BlackTeam "Petah Tikva"]
[WhiteTeamCountry "ISR"]
[BlackTeamCountry "ISR"]

1. Nf3 c5 2. c4 Nc6 3. d4 cxd4 4. Nxd4 Qb6 5. Nb3 Qb4+ 6. N3d2 Nf6 7. Nc3 e6 8. e4 Bd6 9. a3 Qb6 10. Nf3 Bb8 11. Be3 Qd8 12. Qd2 0-0 13. Rd1 b6 14. Be2 Ne5 15. Nxe5 Bxe5 16. Bd4 Qc7 17. Bxe5 Qxe5 18. f4 Qc7 19. e5 Ne8 20. 0-0 a6 21. Qd4 f6 22. b4 Rb8 23. Bh5 Bb7 24. Be2 Bc6 25. Qe3 1-0

[Event "ISR-chT"]
[Site "Israel"]
[Date "2023.02.11"]
[Round "8.6"]
[White "Globus, Or"]
[Black "Roiz, Michael"]
[Result "1/2-1/2"]
[WhiteElo "2411"]
[BlackElo "2577"]
[PlyCount "36"]
[EventDate "2023.01.11"]
[EventType "team-tourn"]
[EventRounds "11"]
[EventCountry "ISR"]
[SourceTitle "EXT 2024"]
[Source "ChessBase"]
[SourceDate "2023.10.10"]
[SourceVersion "1"]
[SourceVersionDate "2023.10.10"]
[SourceQuality "1"]
[WhiteTeam "Ramat Gan Etude"]
[BlackTeam "Beer Sheva"]
[WhiteTeamCountry "ISR"]
[BlackTeamCountry "ISR"]

1. d4 e6 2. c4 Nf6 3. Nf3 Bb4+ 4. Bd2 Qe7 5. g3 Nc6 6. Bg2 Bxd2+ 7. Nbxd2 d6 8. 0-0 0-0 9. Rc1 e5 10. d5 Nb8 11. e4 a5 12. Ne1 Na6 13. Nd3 b6 14. Nb1 Nd7 15. Nc3 Ndc5 16. f4 Nxd3 17. Qxd3 Nc5 18. Qe3 Bd7 1/2-1/2

[Event "ISR-chT"]
[Site "Israel"]
[Date "2023.02.10"]
[Round "7.2"]
[White "Roiz, Michael"]
[Black "Bakalchuk, Johnatan"]
[Result "1/2-1/2"]
[WhiteElo "2577"]
[BlackElo "2442"]
[PlyCount "33"]
[EventDate "2023.01.11"]
[EventType "team-tourn"]
[EventRounds "11"]
[EventCountry "ISR"]
[SourceTitle "EXT 2024"]
[Source "ChessBase"]
[SourceDate "2023.10.10"]
[SourceVersion "1"]
[SourceVersionDate "2023.10.10"]
[SourceQuality "1"]
[WhiteTeam "Beer Sheva"]
[BlackTeam "Ramat Gan II"]
[WhiteTeamCountry "ISR"]
[BlackTeamCountry "ISR"]

1. d4 Nf6 2. c4 g6 3. Nc3 Bg7 4. e4 d6 5. Be2 0-0 6. Nf3 Na6 7. 0-0 e5 8. Re1 c6 9. Be3 exd4 10. Nxd4 Re8 11. f3 d5 12. cxd5 Nxd5 13. Nxd5 cxd5 14. Bb5 Bd7 15. Bxa6 bxa6 16. exd5 Qf6 17. Bf2 1/2-1/2

[Event "EU-Cup 37th"]
[Site "Mayrhofen"]
[Date "2022.10.09"]
[Round "7.3"]
[White "Breder, Dennis"]
[Black "Roiz, Michael"]
[Result "1/2-1/2"]
[WhiteElo "2450"]
[BlackElo "2579"]
[PlyCount "71"]
[EventDate "2022.10.03"]
[EventType "team-swiss"]
[EventRounds "7"]
[EventCountry "AUT"]
[SourceTitle "CBM 210 Extra"]
[Source "ChessBase"]
[SourceDate "2022.11.30"]
[SourceVersion "1"]
[SourceVersionDate "2022.11.30"]
[SourceQuality "1"]
[WhiteTeam "Riehen SG"]
[BlackTeam "Beer Sheva"]
[WhiteTeamCountry "SUI"]
[BlackTeamCountry "ISR"]

1. e4 c5 2. Nf3 d6 3. Bb5+ Nd7 4. d4 cxd4 5. Qxd4 a6 6. Bxd7+ Bxd7 7. 0-0 Rc8 8. Nc3 e5 9. Qb4 Bc6 10. Be3 Be7 11. Rad1 Qc7 12. Bb6 Qd7 13. h3 h6 14. Rfe1 Nf6 15. Qa5 Qe6 16. Nd5 Bxd5 17. exd5 Qd7 18. c3 0-0 19. b3 Bd8 20. Bxd8 Qxd8 21. Qxd8 Rfxd8 22. c4 Nd7 23. Nd2 b5 24. Re3 Nb6 25. Re4 f5 26. Rh4 Kh7 27. cxb5 axb5 28. Nf3 Rc2 29. Rb4 Rc5 30. a4 Rb8 31. Rxb5 Rxb5 32. axb5 g5 33. Nd2 Nxd5 34. Nc4 Nc3 35. Rxd6 Rxb5 36. Rb6 1/2-1/2

[Event "EU-Cup 37th"]
[Site "Mayrhofen"]
[Date "2022.10.06"]
[Round "4.3"]
[White "Roiz, Michael"]
[Black "Kerigan, Demre"]
[Result "0-1"]
[WhiteElo "2579"]
[BlackElo "2355"]
[PlyCount "58"]
[EventDate "2022.10.03"]
[EventType "team-swiss"]
[EventRounds "7"]
[EventCountry "AUT"]
[SourceTitle "CBM 210 Extra"]
[Source "ChessBase"]
[SourceDate "2022.11.30"]
[SourceVersion "1"]
[SourceVersionDate "2022.11.30"]
[SourceQuality "1"]
[WhiteTeam "Beer Sheva"]
[BlackTeam "Paul Keres"]
[WhiteTeamCountry "ISR"]
[BlackTeamCountry "NED"]

1. d4 Nf6 2. c4 g6 3. Nc3 Bg7 4. e4 d6 5. Be2 0-0 6. Nf3 e5 7. 0-0 Na6 8. Re1 c6 9. Be3 Ng4 10. Bg5 f6 11. Bh4 g5 12. Bg3 Nh6 13. h3 f5 14. dxe5 f4 15. Bh2 g4 16. hxg4 Nxg4 17. exd6 Qb6 18. c5 Qxc5 19. Rf1 Be6 20. e5 Nxe5 21. Nxe5 Qxe5 22. Re1 Qf6 23. Bxa6 bxa6 24. Qf3 Qg6 25. Bxf4 Bxc3 26. Qxc3 Rxf4 27. Qxc6 Rc8 28. Qb7 Rf7 29. Qxa6 Rcf8 0-1

[Event "ISR-chT"]
[Site "Israel"]
[Date "2022.04.29"]
[Round "11.4"]
[White "Roiz, Michael"]
[Black "Finkel, Alexander"]
[Result "1/2-1/2"]
[WhiteElo "2581"]
[BlackElo "2419"]
[PlyCount "77"]
[EventDate "2022.01.14"]
[EventType "team-tourn"]
[EventRounds "11"]
[EventCountry "ISR"]
[SourceTitle "EXT 2023"]
[Source "ChessBase"]
[SourceDate "2022.10.05"]
[SourceVersion "1"]
[SourceVersionDate "2022.10.05"]
[SourceQuality "1"]
[WhiteTeam "Beer Sheva"]
[BlackTeam "Kfar Saba II"]
[WhiteTeamCountry "ISR"]
[BlackTeamCountry "ISR"]

1. Nf3 d6 2. d4 Bg4 3. c4 Nd7 4. Nc3 e5 5. g3 Ngf6 6. Bg2 Be7 7. h3 Bh5 8. Nh4 c6 9. d5 cxd5 10. Nf5 Bg6 11. Nxe7 Kxe7 12. Nxd5+ Nxd5 13. Qxd5 Rb8 14. Be3 Nf6 15. Qd2 b6 16. 0-0 Be4 17. f3 Bc6 18. Rfd1 Qd7 19. Rac1 h6 20. Bf2 g5 21. Rc3 Qe6 22. e4 Rbd8 23. a4 Rd7 24. b3 Rb8 25. Rd3 Ne8 26. a5 Nf6 27. axb6 axb6 28. Qb4 Ne8 29. Bxb6 Rdb7 30. c5 Kf6 31. Qc4 Qxc4 32. bxc4 Rc8 33. h4 Bd7 34. hxg5+ hxg5 35. Rb1 Kg6 36. cxd6 Rxc4 37. Bf1 Rc6 38. Rdb3 Nxd6 39. g4 1/2-1/2

[Event "ISR-chT"]
[Site "Israel"]
[Date "2022.03.04"]
[Round "9.3"]
[White "Roiz, Michael"]
[Black "Zemach, Nadav"]
[Result "1-0"]
[WhiteElo "2581"]
[BlackElo "2198"]
[PlyCount "77"]
[EventDate "2022.01.14"]
[EventType "team-tourn"]
[EventRounds "11"]
[EventCountry "ISR"]
[SourceTitle "EXT 2023"]
[Source "ChessBase"]
[SourceDate "2022.10.05"]
[SourceVersion "1"]
[SourceVersionDate "2022.10.05"]
[SourceQuality "1"]
[WhiteTeam "Beer Sheva"]
[BlackTeam "Tel Aviv"]
[WhiteTeamCountry "ISR"]
[BlackTeamCountry "ISR"]

1. c4 e6 2. Nc3 d5 3. d4 a6 4. cxd5 exd5 5. Nf3 c6 6. Qc2 Nf6 7. Bg5 Be6 8. e3 h6 9. Bf4 c5 10. Be2 c4 11. 0-0 Nc6 12. b3 b5 13. Ne5 cxb3 14. axb3 Nb4 15. Qb2 Be7 16. Na2 Qb6 17. Rfc1 Nxa2 18. Rc6 Qb7 19. Qxa2 a5 20. Qc2 Bd8 21. Qc5 Rb8 22. Rc1 Be7 23. Qc2 Bd8 24. Ng6 fxg6 25. Rxe6+ Kf7 26. Bxb8 Kxe6 27. Qc6+ Qxc6 28. Rxc6+ Kf7 29. Bxb5 Be7 30. Be5 Bb4 31. Rc7+ Ke6 32. Rxg7 Rc8 33. Rc7 Rxc7 34. Bxc7 Ne4 35. Bd3 Kd7 36. Be5 Kc6 37. f3 Nd2 38. Bc2 Kb5 39. Kf2 1-0

[Event "EU-Cup 36th"]
[Site "Struga"]
[Date "2021.09.22"]
[Round "5.3"]
[White "Roiz, Michael"]
[Black "Abasov, Nijat Azad"]
[Result "1/2-1/2"]
[WhiteElo "2580"]
[BlackElo "2652"]
[PlyCount "71"]
[EventDate "2021.09.18"]
[EventType "team-swiss"]
[EventRounds "7"]
[EventCountry "MKD"]
[SourceTitle "CBM 204 Extra"]
[Source "ChessBase"]
[SourceDate "2021.11.30"]
[SourceVersion "1"]
[SourceVersionDate "2021.11.30"]
[SourceQuality "1"]
[WhiteTeam "Beer Sheva"]
[BlackTeam "Silla Valencia"]
[WhiteTeamCountry "ISR"]
[BlackTeamCountry "ESP"]

1. Nf3 Nf6 2. g3 d5 3. Bg2 e6 4. 0-0 Be7 5. d4 0-0 6. c4 dxc4 7. Qc2 b5 8. a4 Bb7 9. axb5 a6 10. Nc3 axb5 11. Rxa8 Bxa8 12. Nxb5 Bd5 13. Bf4 c5 14. dxc5 Na6 15. Nd6 Nxc5 16. Nxc4 Be4 17. Qd1 Nd5 18. Be5 Qa8 19. Bd6 Rd8 20. Bxe7 Nxe7 21. Qc1 Nb3 22. Qe3 Qb7 23. Qb6 Qxb6 24. Nxb6 f6 25. Nc4 Nf5 26. Re1 h5 27. Nh4 Bxg2 28. Nxf5 Bb7 29. Nfe3 Ba6 30. f3 Rd4 31. Na3 Rd2 32. Nac4 Rd4 33. Na3 Rd2 34. Nac4 Bxc4 35. Nxc4 Rc2 36. Na3 1/2-1/2

[Event "EU-Cup 36th"]
[Site "Struga"]
[Date "2021.09.20"]
[Round "3.3"]
[White "Asadli, Vugar Afgan Oglu"]
[Black "Roiz, Michael"]
[Result "1/2-1/2"]
[WhiteElo "2578"]
[BlackElo "2580"]
[PlyCount "127"]
[EventDate "2021.09.18"]
[EventType "team-swiss"]
[EventRounds "7"]
[EventCountry "MKD"]
[SourceTitle "CBM 204 Extra"]
[Source "ChessBase"]
[SourceDate "2021.11.30"]
[SourceVersion "1"]
[SourceVersionDate "2021.11.30"]
[SourceQuality "1"]
[WhiteTeam "Vugar Gashimov"]
[BlackTeam "Beer Sheva"]
[WhiteTeamCountry "AZE"]
[BlackTeamCountry "ISR"]

1. e4 e5 2. Nf3 Nc6 3. Bb5 Nf6 4. 0-0 Nxe4 5. d4 Nd6 6. Bxc6 dxc6 7. dxe5 Nf5 8. Qxd8+ Kxd8 9. Nc3 Bd7 10. Rd1 Kc8 11. b3 b6 12. Bb2 Be7 13. Rd2 h5 14. Rad1 Be6 15. Ne4 Kb7 16. Nfg5 Bxg5 17. Nxg5 Rae8 18. g3 Kc8 19. h3 c5 20. Kg2 Rd8 21. Kf3 Rxd2 22. Rxd2 Ne7 23. c4 Rf8 24. Rd1 Rh8 25. Ke3 Ng6 26. f3 Ne7 27. g4 hxg4 28. fxg4 Nc6 29. Kf3 Nb4 30. a4 Nc6 31. Bc3 Rd8 32. Rxd8+ Kxd8 33. Ke4 Ke7 34. Nf3 Bc8 35. Nh4 g6 36. Nf3 Nd8 37. Ke3 Ne6 38. Nd2 Bb7 39. h4 Kf8 40. Nf1 a5 41. Ng3 Kg7 42. Ne4 Bc6 43. Nf6 Bg2 44. Nd5 Bh3 45. Nf6 Bg2 46. Kf2 Bh1 47. h5 Kh6 48. Bd2+ g5 49. Be3 Kg7 50. Bc1 Kh6 51. Ke3 Bg2 52. Kf2 Bh1 53. Kg3 Kg7 54. Be3 Kh6 55. Kf2 Kg7 56. Bc1 Kh6 57. Ke3 Bg2 58. Bb2 Kg7 59. Ne4 Kh6 60. Bc1 Bh1 61. Ng3 Bg2 62. Kf2 Bc6 63. Be3 Bb7 64. Nf5+ 1/2-1/2

[Event "Online Olym Div Top-C"]
[Site "Chess.com INT"]
[Date "2021.09.10"]
[Round "6.3"]
[White "Korobov, Anton"]
[Black "Roiz, Michael"]
[Result "1/2-1/2"]
[WhiteElo "2685"]
[BlackElo "2580"]
[PlyCount "52"]
[EventDate "2021.09.09"]
[EventType "team (rapid)"]
[EventRounds "9"]
[EventCountry "USA"]
[SourceTitle "CBM 204 Extra"]
[Source "ChessBase"]
[SourceDate "2021.11.30"]
[SourceVersion "1"]
[SourceVersionDate "2021.11.30"]
[SourceQuality "1"]
[WhiteTeam "Ukraine"]
[BlackTeam "Israel"]
[WhiteTeamCountry "UKR"]
[BlackTeamCountry "ISR"]

1. d4 Nf6 2. c4 e6 3. Nc3 Bb4 4. e3 0-0 5. Bd3 d5 6. a3 Bxc3+ 7. bxc3 dxc4 8. Bxc4 c5 9. Nf3 Qc7 10. Ba2 b6 11. 0-0 Bb7 12. Nd2 cxd4 13. cxd4 Bd5 14. Bb2 Bxa2 15. Rxa2 Rc8 16. Ra1 Nbd7 17. Rc1 Qb7 18. Qb3 b5 19. f3 a6 20. e4 Nb6 21. d5 exd5 22. Bxf6 gxf6 23. Rcd1 Nc4 24. exd5 Qb6+ 25. Kh1 Ne3 26. Ne4 Nxf1 1/2-1/2

[Event "EU-Cup Online Gr-E"]
[Site "Tornelo INT"]
[Date "2021.03.28"]
[Round "7.2"]
[White "Roiz, Michael"]
[Black "Arman, Deniz"]
[Result "1/2-1/2"]
[WhiteElo "2579"]
[BlackElo "2336"]
[PlyCount "78"]
[EventDate "2021.03.27"]
[EventType "team-tourn (rapid)"]
[EventRounds "9"]
[EventCountry "NET"]
[SourceTitle "CBM 201 Extra"]
[Source "ChessBase"]
[SourceDate "2021.05.31"]
[SourceVersion "1"]
[SourceVersionDate "2021.05.31"]
[SourceQuality "1"]
[WhiteTeam "Beer Sheva"]
[BlackTeam "Stockholm CC"]
[WhiteTeamCountry "ISR"]
[BlackTeamCountry "SWE"]

1. d4 Nf6 2. c4 g6 3. g3 Bg7 4. Bg2 d5 5. cxd5 Nxd5 6. Nf3 0-0 7. 0-0 Nb6 8. Nc3 Nc6 9. e3 e5 10. d5 e4 11. dxc6 Qxd1 12. Rxd1 exf3 13. Bxf3 bxc6 14. Bd2 Nc4 15. Na4 Rb8 16. Bc3 Bxc3 17. bxc3 Ne5 18. Be2 Bf5 19. Rd4 h5 20. f3 Bc2 21. Nc5 Rb2 22. Rd2 Rfb8 23. Kf1 Bb1 24. Rxb2 Rxb2 25. Na4 Rxa2 26. Rxb1 Rxa4 27. Rb7 Ra1+ 28. Kf2 Ra2 29. e4 Rc2 30. Rxa7 Rxc3 31. Rxc7 Rc2 32. Ke3 Nc4+ 33. Kf2 Ne5 34. h3 g5 35. f4 gxf4 36. gxf4 Ng6 37. Ke3 Nxf4 38. Kxf4 Rxe2 39. Rxc6 Kg7 1/2-1/2

[Event "ISR-chT"]
[Site "Israel"]
[Date "2020.09.05"]
[Round "10.6"]
[White "Roiz, Michael"]
[Black "Zifroni, Dov"]
[Result "1/2-1/2"]
[WhiteElo "2598"]
[BlackElo "2452"]
[PlyCount "57"]
[EventDate "2020.01.10"]
[EventType "team-tourn"]
[EventRounds "11"]
[EventCountry "ISR"]
[SourceTitle "EXT 2021"]
[Source "ChessBase"]
[SourceDate "2020.10.23"]
[SourceVersion "1"]
[SourceVersionDate "2020.10.23"]
[SourceQuality "1"]
[WhiteTeam "Beer Sheva Eliyahu Levant"]
[BlackTeam "Herzliya"]
[WhiteTeamCountry "ISR"]
[BlackTeamCountry "ISR"]

1. c4 e6 2. g3 d5 3. Bg2 Nf6 4. d4 dxc4 5. Qa4+ Nbd7 6. Qxc4 a6 7. Qb3 c5 8. Nf3 cxd4 9. Nxd4 Bc5 10. Nc2 0-0 11. 0-0 Ra7 12. Nb4 e5 13. Nc3 Bd4 14. Rd1 Nc5 15. Qa3 Bg4 16. Be3 Ne6 17. Rd2 Qe7 18. Nbd5 Nxd5 19. Nxd5 Qxa3 20. bxa3 Rc8 21. Bxd4 exd4 22. Nb6 Rd8 23. Rb1 a5 24. h3 Bf5 25. Rb5 Bg6 26. f4 f6 27. Rd5 Rxd5 28. Bxd5 Bf7 29. Rb2 1/2-1/2

[Event "Abu Dhabi Super Blitz op 1st"]
[Site "Chess.com INT"]
[Date "2020.04.15"]
[Round "10"]
[White "Roiz, Michael"]
[Black "Akobian, Varuzhan"]
[Result "1-0"]
[WhiteElo "2583"]
[BlackElo "2614"]
[PlyCount "85"]
[EventDate "2020.04.15"]
[EventType "swiss (blitz)"]
[EventRounds "11"]
[EventCountry "UAE"]
[SourceTitle "CBM 195 Extra"]
[Source "ChessBase"]
[SourceDate "2020.05.31"]
[SourceVersion "1"]
[SourceVersionDate "2020.05.31"]
[SourceQuality "1"]

1. Nf3 d5 2. g3 Nf6 3. Bg2 c6 4. c4 d4 5. 0-0 Bg4 6. d3 Bxf3 7. Bxf3 e5 8. Nd2 Nbd7 9. Rb1 a5 10. a3 a4 11. Bg2 Bd6 12. Nf3 0-0 13. e3 c5 14. Nh4 Ra7 15. Nf5 Bc7 16. Bd2 g6 17. Nh4 Ba5 18. exd4 Bxd2 19. Qxd2 exd4 20. Rfe1 Re8 21. Rxe8+ Qxe8 22. Nf3 Kg7 23. Re1 Qb8 24. Re7 Qd6 25. Qe1 Ng8 26. Re8 Ndf6 27. Re2 b6 28. Ne5 Re7 29. h3 h5 30. Nc6 Rc7 31. Ne5 Re7 32. Nf3 Rxe2 33. Qxe2 Nd7 34. Qd1 Ne5 35. Nxe5 Qxe5 36. Qxa4 Qe1+ 37. Bf1 Nf6 38. Qc6 h4 39. g4 Nh7 40. Qd5 Qc1 41. Qe5+ Kh6 42. b4 f6 43. Qd6 1-0

[Event "ISR-chT"]
[Site "Israel"]
[Date "2020.02.15"]
[Round "8.2"]
[White "Roiz, Michael"]
[Black "Parkhov, Yair"]
[Result "1/2-1/2"]
[WhiteElo "2598"]
[BlackElo "2370"]
[PlyCount "55"]
[EventDate "2020.01.10"]
[EventType "team-tourn"]
[EventRounds "11"]
[EventCountry "ISR"]
[SourceTitle "CBM 194 Extra"]
[Source "ChessBase"]
[SourceDate "2020.03.31"]
[SourceVersion "1"]
[SourceVersionDate "2020.03.31"]
[SourceQuality "1"]
[WhiteTeam "Beer Sheva Eliyahu Levant"]
[BlackTeam "Tsafrir Rehovot"]
[WhiteTeamCountry "ISR"]
[BlackTeamCountry "ISR"]

1. c4 c6 2. Nf3 d5 3. d4 Nf6 4. Qb3 dxc4 5. Qxc4 Bg4 6. Nbd2 Nbd7 7. g3 e6 8. Bg2 Be7 9. 0-0 0-0 10. Qb3 Qb6 11. Nc4 Qa6 12. Bd2 Nb6 13. Rfc1 Nxc4 14. Qxc4 Qxc4 15. Rxc4 a5 16. e3 Ne4 17. Be1 Nd6 18. Rc5 a4 19. a3 Bf5 20. Bb4 Be4 21. Rcc1 Rfe8 22. Ne5 Bxg2 23. Kxg2 Nb5 24. Bxe7 Rxe7 25. Rc4 Nd6 26. Rb4 f6 27. Nd3 b5 28. Rc1 1/2-1/2

[Event "ISR-chT"]
[Site "Israel"]
[Date "2020.01.11"]
[Round "2.2"]
[White "Vydeslaver, Alik"]
[Black "Roiz, Michael"]
[Result "1/2-1/2"]
[WhiteElo "2385"]
[BlackElo "2598"]
[PlyCount "38"]
[EventDate "2020.01.10"]
[EventType "team-tourn"]
[EventRounds "11"]
[EventCountry "ISR"]
[SourceTitle "CBM 194 Extra"]
[Source "ChessBase"]
[SourceDate "2020.03.31"]
[SourceVersion "1"]
[SourceVersionDate "2020.03.31"]
[SourceQuality "1"]
[WhiteTeam "Beer Sheva K"]
[BlackTeam "Beer Sheva Eliyahu Levant"]
[WhiteTeamCountry "ISR"]
[BlackTeamCountry "ISR"]

1. e4 c5 2. Nf3 d6 3. Bb5+ Bd7 4. Bxd7+ Qxd7 5. 0-0 Nf6 6. Re1 Nc6 7. c3 e6 8. d4 cxd4 9. cxd4 d5 10. e5 Ne4 11. Nbd2 Nxd2 12. Bxd2 Be7 13. Bg5 0-0 14. Rc1 Rfc8 15. Bxe7 Nxe7 16. Re3 h6 17. Rec3 Rxc3 18. Rxc3 Rc8 19. Qb3 Rxc3 1/2-1/2

[Event "ISR-chT"]
[Site "Israel"]
[Date "2020.01.10"]
[Round "1.6"]
[White "Roiz, Michael"]
[Black "Bykhovsky, Avigdor"]
[Result "1/2-1/2"]
[WhiteElo "2598"]
[BlackElo "2403"]
[PlyCount "67"]
[EventDate "2020.01.10"]
[EventType "team-tourn"]
[EventRounds "11"]
[EventCountry "ISR"]
[SourceTitle "CBM 194 Extra"]
[Source "ChessBase"]
[SourceDate "2020.03.31"]
[SourceVersion "1"]
[SourceVersionDate "2020.03.31"]
[SourceQuality "1"]
[WhiteTeam "Beer Sheva Eliyahu Levant"]
[BlackTeam "Petah Tikva Elitzur Dov"]
[WhiteTeamCountry "ISR"]
[BlackTeamCountry "ISR"]

1. Nf3 Nf6 2. c4 c6 3. g3 d5 4. Bg2 g6 5. b3 Bg7 6. Bb2 0-0 7. 0-0 Bg4 8. d3 Bxf3 9. Bxf3 Nbd7 10. e3 Re8 11. Nc3 e6 12. Rc1 a6 13. Rc2 h5 14. Ne2 Nh7 15. d4 h4 16. Nf4 dxc4 17. bxc4 e5 18. dxe5 Nxe5 19. Bg2 Qxd1 20. Rxd1 hxg3 21. hxg3 Rad8 22. Rxd8 Rxd8 23. Kf1 Nf8 24. Ke2 Nfd7 25. Bd4 b6 26. a4 a5 27. Nh3 Rc8 28. Ng5 Nc5 29. Bxc5 bxc5 30. Ne4 Nd7 31. Rd2 Nb6 32. Nxc5 Nxc4 33. Rd7 Bf8 34. Nd3 1/2-1/2

[Event "PRO League Stage"]
[Site "Chess.com INT"]
[Date "2020.01.08"]
[Round "1"]
[White "Ipatov, Alexander"]
[Black "Roiz, Michael"]
[Result "1/2-1/2"]
[WhiteElo "2631"]
[BlackElo "2598"]
[PlyCount "41"]
[EventDate "2020.01.06"]
[EventType "team-swiss (rapid)"]
[EventRounds "7"]
[EventCountry "USA"]
[SourceTitle "CBM 194 Extra"]
[Source "ChessBase"]
[SourceDate "2020.03.31"]
[SourceVersion "1"]
[SourceVersionDate "2020.03.31"]
[SourceQuality "1"]
[WhiteTeam "Turkey Knights"]
[BlackTeam "Israel Counsellors"]
[WhiteTeamCountry "TUR"]
[BlackTeamCountry "ISR"]

1. Nf3 Nf6 2. g3 c5 3. c4 d5 4. cxd5 Nxd5 5. Nc3 Nc6 6. Bg2 Nxc3 7. bxc3 e5 8. 0-0 Be7 9. d3 0-0 10. Nd2 Qe8 11. Nc4 Be6 12. Ne3 Qd7 13. c4 Bh3 14. Rb1 Bxg2 15. Kxg2 Rae8 16. Nd5 f5 17. e4 Bd8 18. f3 Ba5 19. Be3 b6 20. Rb2 Rf7 21. Rbf2 1/2-1/2

[Event "PRO League Stage"]
[Site "Chess.com INT"]
[Date "2020.01.08"]
[Round "1"]
[White "Roiz, Michael"]
[Black "Yilmaz, Mustafa"]
[Result "1/2-1/2"]
[WhiteElo "2598"]
[BlackElo "2607"]
[PlyCount "129"]
[EventDate "2020.01.06"]
[EventType "team-swiss (rapid)"]
[EventRounds "7"]
[EventCountry "USA"]
[SourceTitle "CBM 194 Extra"]
[Source "ChessBase"]
[SourceDate "2020.03.31"]
[SourceVersion "1"]
[SourceVersionDate "2020.03.31"]
[SourceQuality "1"]
[WhiteTeam "Israel Counsellors"]
[BlackTeam "Turkey Knights"]
[WhiteTeamCountry "ISR"]
[BlackTeamCountry "TUR"]

1. d4 Nf6 2. Nf3 d5 3. c4 e6 4. g3 dxc4 5. Bg2 c5 6. 0-0 Nc6 7. Qa4 Bd7 8. Qxc4 b5 9. Qc3 b4 10. Qd3 Rc8 11. dxc5 Bxc5 12. Nbd2 0-0 13. Nb3 Bb6 14. Be3 e5 15. Nfd2 Bg4 16. Qxd8 Rfxd8 17. Bxb6 axb6 18. Rfc1 Na5 19. Rxc8 Rxc8 20. Rc1 Rxc1+ 21. Nxc1 Nd7 22. Kf1 Nc5 23. Bd5 Kf8 24. a3 bxa3 25. b4 Na4 26. bxa5 bxa5 27. Na2 Ke7 28. Nc4 f6 29. Ke1 Nc5 30. f3 Bd7 31. Nxa3 a4 32. Kd2 Kd6 33. Nc3 Na6 34. Bc4 Nc7 35. Ne4+ Ke7 36. Kc3 f5 37. Nf2 g5 38. Kb4 h5 39. Nb1 f4 40. gxf4 exf4 41. h3 Kf6 42. Kc5 Ne8 43. Bd3 Ke5 44. Na3 Bf5 45. Nc4+ Ke6 46. Bxf5+ Kxf5 47. Kb4 Nc7 48. Nd6+ Ke5 49. Nde4 Ne6 50. Kc4 a3 51. Nd3+ Kf5 52. Nc3 g4 53. hxg4+ hxg4 54. fxg4+ Kxg4 55. Ne5+ Kg3 56. Nf3 Kf2 57. Kb3 Ng7 58. Nd4 Nh5 59. Kxa3 Ng3 60. Kb3 Ke3 61. Nc2+ Kd2 62. Nd4 Ke3 63. Ne6 Nxe2 64. Nxe2 Kxe2 65. Nxf4+ 1/2-1/2